000 00708nam a2200289Ia 4500
005 20260324120514.0
008 008 260324s9999 xx 000 0 eng d
020 _a9781315553122
037 _aEBOOK
040 _aCRL
040 _beng
040 _cCRL
041 _2eng
041 _aeng
084 _qCRL
100 _aMark Vasey-Saunders
_91158843
245 4 _aThe Scandal of Evangelicals and Homosexuality
245 0 _bEnglish Evangelical Texts, 1960–2010
260 _bTaylor and Francis
260 _c2015
365 _a
365 _b230
856 _uhttp://www.taylorfrancis.com/books/9781315553122
942 _cEBOOK
999 _c1750412
_d1750412